00385 2200157 4500001002100000005001500021035002000036245004000056100002100096300002600117260002800143082000800171084001400179020002200193990001200215INLIS00000000000299820250918084000 a0010-09250003451 aJangan Bersedih /cEidelweis Almira0 aEidelweis Almira a196 hlm ;c13 x 19 cm aJakarta :bZettu,c2014 a813 a813 EID j a978-602-1298-11-4 a0755635